Účtovná závierka v podvojnom účtovníctve za rok 2005
Praktický postup na zostavenie účtovnej závierky v podvojnom účtovníctve na rok 2005 . Aplikácia právnych predpisov pri zostavení účtovnej závierky. Príloha k praktickému príkladu: Vzor Súvaha. Prílohy Interných smerníc na vykonanie inventarizácie v roku 2005 - vzory.
Salvato in:
| Autore principale: | |
|---|---|
| Natura: | Capitolo di libro |
| Lingua: | slovacco |
| Soggetti: | |
| Tags: |
Nessun Tag, puoi essere il primo ad aggiungerne!!
|
MARC
| LEADER | 00000naa$a2200000$$$4500 | ||
|---|---|---|---|
| 001 | 0037857 | ||
| 005 | 20231114090239.3 | ||
| 041 | 0 | |a slo | |
| 044 | |a SK | ||
| 245 | 1 | 0 | |a Účtovná závierka v podvojnom účtovníctve za rok 2005 |c Jana Turóciová |
| 520 | |a Praktický postup na zostavenie účtovnej závierky v podvojnom účtovníctve na rok 2005 . Aplikácia právnych predpisov pri zostavení účtovnej závierky. Príloha k praktickému príkladu: Vzor Súvaha. Prílohy Interných smerníc na vykonanie inventarizácie v roku 2005 - vzory. | ||
| 610 | 2 | 0 | |a závierka účtovná |
| 610 | 2 | 0 | |a účtovníctvo podvojné |
| 610 | 2 | 0 | |a predpisy právne |
| 610 | 2 | 0 | |a súvaha |
| 610 | 2 | 0 | |a obdobie účtovné |
| 610 | 2 | 0 | |a smernice organizačné |
| 610 | 2 | 0 | |a inventarizácia |
| 610 | 2 | 0 | |a 2005 |
| 100 | 1 | |a Turóciová, Jana | |